MDQL
is popping MORE tags! Check the
thread
!
Quizzes
Events
Quiz Creation
Community
Videos
Private Events
Remove Ads
Sign In
Join for FREE
Feedback
Dark Mode
Quiz Categories
Sports
Geography
Music
Movies
Television
Just For Fun
Miscellaneous
History
Literature
Language
Science
Gaming
Entertainment
Religion
Holiday
For Kids
Quiz Lab
Recent
Popular Today
Quiz Kudos Today
Editor Picks
Curator Picks
Quizzes by...
Day
Popularity
Type
Ratings
Length
Year
Community
Subscriptions
Recent Discussions
Orange Saloon
Badges
Playlists
Quests
Create
Leaderboards
Showdown
Live 5
Trivia Bingo
Activity
Puzzle Library
Sporcle Events
Private Events
Virtual Trivia
Globe League
Become a Host
Pub Owners
SporcleCon
Opinionation
Our Games
Videos
Blog
Mobile Apps
Partnerships
Remove Ads and Go Orange
Feedback
Just For Fun
Clickable
Get the Picture
Humor
Quick Pick
Word Ladder
Missing Word
Mixed Word
Blitz
Minefield
This or That
Alphabet
Color
Typing
Sporcle
Puzzle
Word Play
Follow That Line
Logic
Just For Fun
Clickable
Get the Picture
Humor
Quick Pick
Word Ladder
Missing Word
Mixed Word
Blitz
Minefield
This or That
Alphabet
Color
Typing
Sporcle
Puzzle
Word Play
Follow That Line
Logic
Random Quiz
Search Sporcle
×
Quiz Lab
Quiz Lab
Just For Fun
Disney
Type in answers that appear in a list
Type in answers that appear in a list
Classic
Best Score? Go Orange.
Disney Infinity 2.0 Figures Stats
Can you name the Disney Infinity 2.0 Figures
By
mr_funkopop02
10m
29 Questions
99 Plays
99 Plays
99 Plays
Comments
Comments
Give Quiz Kudos
Give Quiz Kudos
-
- Ratings
hide this ad
Random Order
Randomize order of answers
Randomize order of answers
Replay
Link that replays current quiz
Next Quiz
Link to next quiz in quiz playlist
You Got
0%
They Got
Avg Score
64%
Avg Friend Score
Upgrade to see
Score Distribution
Jump to the score distribution portion of the page
Score
0/29
Timer
10:00
0
Plays Today
Hint
Answer
% Correct
Avengers Playset
Hulk
86.9%
Avengers Playset
Iron Man
84.8%
Spider-
man Playset
Spider-man
80.8%
Avengers Playset
Thor
77.8%
Avengers Playset
Captain America
76.8%
Avengers Playset
Black Widow
74.7%
Spider-
man Playset
Venom
73.7%
Guardians of the Galaxy Playset
Groot
72.7%
Guardians of the Galaxy Playset
Star-lord
71.7%
Avengers Playset
Hawkeye
70.7%
Guardians of the Galaxy Playset
Gamora
69.7%
Guardians of the Galaxy Playset
Rocket Raccoon
69.7%
Guardians of the Galaxy Playset
Drax
67.7%
Spider-
man Playset
Nova
64.6%
Spider-
man Playset
Nick Fury
64.6%
Hint
Answer
% Correct
Spider-
man Playset
Green Goblin
64.6%
Spider-
man Playset
Iron Fist
63.6%
Avengers Playset
Loki
62.6%
Disney
Stitch
61.6%
Avengers Playset
Falcon
57.6%
Guardians of the Galaxy Playset
Yondu
56.6%
Disney
Baymax
56.6%
Disney
Aladdin
55.6%
Disney
Jasmine
55.6%
Disney
Merida
54.5%
Disney
Maleficent
53.5%
Disney
Tinkerbell
53.5%
Guardians of the Galaxy Playset
Ronan The Accuser
40.4%
Disney
Hiro Hamada
29.3%
Quiz Playlist
Details
Report
Send in Message
Add To Playlist
Classic:
Type in answers that appear in a list
Random Order:
Randomize order of answers
Last Updated: Feb 16, 2017
Quiz Scoreboard
CHALLENGE
Sign Up to Join the Scoreboard
Show All
Scores
Hide
Comments
May contain spoilers
Recently Published
Famous 'C' Women
by xyz_
Entertainment
6m
Holiday 10x10 Sorting Gallery
by lukepisani3
Holiday
15m
Two Season TV Shows II
by 123Four
Television
10m
More to Explore
Quiz From the Vault
Featured Blog Post
14 Easter Pick-up Lines to Find Eggs With
hide this ad
You Might Also Like...
Tags
Disney Quiz
Infinity
Today's Top Quizzes in Just For Fun
Browse Just For Fun
hide this ad
Today's Top Quizzes in Disney
Browse Disney
Top Contributed Quizzes in Just For Fun
1
Eurovision 2024 Countries Logic Puzzle
2
Name Just One - 10 to 1: Just For Fun
3
Missing Word: 2-Letter A-Z II
4
Missing Word: 'Of' Things A-Z
5
Missing Letter Whitney Houston Songs
6
Avatar the Last Airbender: Logic Puzzle
7
Survivor Winners Logic Puzzle
8
Missing Word: 'Of' Things A-Z II
9
Killer Double Trees 224 - Colour Match-Up
10
Missing Word: TV Shows in TV Shows
Explore More
Trending Topics
Crossword
Anime
Disney
Harry Potter
NBA
Marvel
Kpop
Puzzle
NFL
Country
The Office
Pokémon
Soccer
WWE
Song
hide this ad
More By:
mr_funkopop02
Quiz
Plays
Rating
Category
Featured
Created
Ariana Grande Songs That Were Performed on Tour
1,087
Music
Jun 26, 2019
Ariana Grande Music Video by the Plot
807
4.00
Music
Nov 8, 2018
Batman Arkham Origins Assassins
729
4.33
Gaming
Dec 9, 2014
Ariana Grande Ultimate Lyric Challenge
562
5.00
Music
Aug 27, 2019
Ariana Grande Songs
522
Music
Apr 4, 2018
Go to Creator's Profile
Score Distribution
Quiz Creator Spotlight
mr_funkopop02
Follow
Send a Message
Quizzes Created
-
Created Quiz Play Count
-
More By This Creator
Popular Quizzes Today
1
Find the US States - No Outlines Minefield
2
Colored Red Africa Blitz
3
Find the 'City' Movie
4
The Countries of the World
5
Find the US States
6
5x2 Blitz: Bands
7
Find the Countries of Europe - No Outlines Minefield
8
US States
More Just For Fun Quizzes
Word Ladder: Disney+ Originals
Published
Trending Quizzes
Colored Red Europe Blitz I
Colored Red Europe Blitz II
Colored Red Africa Blitz II
Colored Red Africa Blitz III
Colored Red Europe Blitz III
Recently Updated
Odd Team Out - Big 4 Players
pecheneg
Quick Pick: 20 Twenties
pecheneg
March Madness Men's Triple Doubles
pecheneg
How Do You Spell That?
pecheneg
Godzilla Movies
pecheneg
Grab Bag: 4-10 Letters
pecheneg
2024 March Madness Bracket
pecheneg
Famous TV Couples
Peacemaker
Champions League XIs: Real Madrid
pecheneg
Largest US Cities 1790-2010
pecheneg
Trending Topics
Kpop
Disney
Crossword
NBA
Anime
Marvel
Harry Potter
Song
Soccer
The Office
WWE
Puzzle
Country
NFL
Pokémon
Your Account Isn't Verified!
In order to create a playlist on Sporcle, you need to verify the email address you used during registration. Go to your
Sporcle Settings
to finish the process.
Report this User
Report this user for behavior that violates our
Community Guidelines
.
Details:
Send Report
Go to the Sporcle.com Mobile Site →
Comments